000 00244nam a22001217a 4500
003 SGT
082 _bKUM
100 _aKUMAR, ARVIND
245 _aAGRICULTURAL SCIENCE DIGEST
260 _aINDIA
_bICAR
_c2023
300 _a416
942 _2ddc
_cBV
999 _c29889
_d29889